| 000 | 01383cam a2200277 4500 | ||
|---|---|---|---|
| 008 | 000000n2004 000 0 eng u | ||
| 020 | _a0421691301 | ||
| 035 | _a(Sirsi) u108296 | ||
| 041 | _aeng | ||
| 050 |
_a347.4104 _c18 |
||
| 100 | _aDymond, Andrew | ||
| 245 |
_aLeasehold Valuation Tribunals _ba practical guide |
||
| 260 |
_aLondon _bSweet and Maxwell _c2004 |
||
| 300 |
_axxxi, 438p. _c24cm. |
||
| 350 | _a79 | ||
| 520 | _aExplains the practice and procedure of conducting cases before Leasehold Valuation Tribunals (LVTs) and Rent Assessment Committees (RACs). Looks at every aspect of leasehold related disputes including: valuation disputes in enfranchisement cases; service charge disputes; appointment of managers; variation of leases; breach of covenant; administration charges; assessment of fair rents; and market rents for assured tenancies. Also explains the effects of the Commonhold and Leasehold Reform Act 2002 on the jurisdictions of the LVTs and RACs. Appendices contain full text of various Statutory Instruments and LVT Forms. | ||
| 650 | _aLEASEHOLD VALUATION TRIBUNALS | ||
| 650 | _aLEASEHOLD ENFRANCHISEMENT | ||
| 650 | _aRENT ASSESSMENT COMMITTEE | ||
| 650 | _aSERVICE CHARGE DISPUTES | ||
| 650 | _aLEASE EXTENSION | ||
| 690 |
_aLandlord and tenant _96252 |
||
| 700 | _aCafferkey, Annette | ||
| 700 | _aGallagher, Stan | ||
| 942 | _n0 | ||
| 999 |
_c100767 _d100767 |
||